[Event "Madrid-ch sub-18 2008-2009"]
[Site "Madrid ESP"]
[Date "2008.12.28"]
[Round "3.13"]
[White "Jimenez Rodriguez, Alfonso"]
[Black "Beneitez Galan, Miguel"]
[Result "0-1"]
[WhiteElo "1908"]
[BlackElo "1710"]
[PlyCount "52"]
[EventDate "2008.12.26"]
[EventType "swiss"]
[EventRounds "9"]
[EventCountry "ESP"]
[Source "lmi"]
[SourceDate "2008.12.26"]

1. e4 c5 2. Nf3 Nc6 3. d4 cxd4 4. Nxd4 g6 5. Nc3 Bg7 6. Be3 Nf6 7. f3 O-O 8.
Qd2 d5 9. O-O-O dxe4 10. Nxc6 Qxd2+ 11. Rxd2 bxc6 12. Nxe4 Nxe4 13. fxe4 Rb8
14. c3 a5 15. Kb1 Bxc3 16. Rc2 Bg7 17. Bc5 Re8 18. Bc4 Be6 19. Bxe6 fxe6 20.
Ba3 Rb6 21. Rd1 Reb8 22. Rd7 a4 23. Rc7 Bxb2 24. Bxb2 a3 25. Kc1 axb2+ 26. Kb1
Rf8 0-1

[Event "Madrid-ch sub-18 2008-2009"]
[Site "Madrid ESP"]
[Date "2008.12.29"]
[Round "4.1"]
[White "Arauz Alonso, Fernando"]
[Black "Gago Padreny, Ignacio"]
[Result "1-0"]
[WhiteElo "2098"]
[BlackElo "2216"]
[PlyCount "57"]
[EventDate "2008.12.26"]
[EventType "swiss"]
[EventRounds "9"]
[EventCountry "ESP"]
[Source "lmi"]
[SourceDate "2008.12.26"]

1. d4 Nf6 2. Nf3 e6 3. Bf4 c5 4. e3 Nc6 5. Nbd2 d5 6. c3 Bd6 7. Bg3 O-O 8. Bd3
Re8 9. Ne5 Ne7 10. f4 b6 11. O-O Bb7 12. Qf3 a6 13. Bf2 g6 14. a4 Nd7 15. Qh3
Nf8 16. Bh4 Qc7 17. Bf6 Nf5 18. g4 Be7 19. Bxe7 Nxe7 20. g5 Nf5 21. Ng4 Nd7 22.
Nf3 cxd4 23. cxd4 f6 24. gxf6 h5 25. Nfe5 Rf8 26. Rac1 hxg4 27. Rxc7 gxh3 28.
Bxf5 gxf5 29. Rxd7 1-0

[Event "Madrid-ch sub-18 2008-2009"]
[Site "Madrid ESP"]
[Date "2008.12.29"]
[Round "4.2"]
[White "Suarez Uriel, Adrian"]
[Black "Castejon Caballero, Andres"]
[Result "0-1"]
[WhiteElo "2123"]
[BlackElo "2003"]
[PlyCount "34"]
[EventDate "2008.12.26"]
[EventType "swiss"]
[EventRounds "9"]
[EventCountry "ESP"]
[Source "lmi"]
[SourceDate "2008.12.26"]

1. Nf3 Nf6 2. c4 g6 3. Nc3 d5 4. e3 Bg7 5. d4 O-O 6. Be2 c5 7. O-O cxd4 8. Nxd5
Nxd5 9. cxd5 Qxd5 10. Nxd4 Rd8 11. Bf3 Qd7 12. Qb3 Nc6 13. Nxc6 bxc6 14. Rd1
Qc7 15. Rxd8+ Qxd8 16. Bd2 Qxd2 17. Bxc6 Be6 0-1

[Event "Madrid-ch sub-18 2008-2009"]
[Site "Madrid ESP"]
[Date "2008.12.29"]
[Round "4.3"]
[White "Adan Bermudez, Sergio"]
[Black "Corisco Beltran, Rafael"]
[Result "1-0"]
[WhiteElo "2227"]
[BlackElo "1734"]
[PlyCount "73"]
[EventDate "2008.12.26"]
[EventType "swiss"]
[EventRounds "9"]
[EventCountry "ESP"]
[Source "lmi"]
[SourceDate "2008.12.26"]

1. c4 e5 2. g3 Nf6 3. Bg2 d5 4. cxd5 Nxd5 5. Nf3 Nc6 6. O-O Nb6 7. Nc3 Be7 8.
Rb1 O-O 9. b4 f6 10. a3 a6 11. d3 Be6 12. Nd2 Qd7 13. Nb3 Rab8 14. Ne4 Na4 15.
Be3 f5 16. Nec5 Nxc5 17. Bxc5 Bd5 18. e4 fxe4 19. dxe4 Be6 20. Qxd7 Bxd7 21.
Bxe7 Nxe7 22. Nc5 Rfd8 23. Rfd1 Bc6 24. Bf1 Rd4 25. Rxd4 exd4 26. Rd1 Rd8 27.
Bc4+ Kh8 28. Ne6 Rd7 29. f3 Ng6 30. Rxd4 Ne5 31. Be2 Rd6 32. Rxd6 cxd6 33. Nd8
Kg8 34. f4 Bxe4 35. fxe5 dxe5 36. Kf2 Bd5 37. Bf3 1-0

[Event "Madrid-ch sub-18 2008-2009"]
[Site "Madrid ESP"]
[Date "2008.12.29"]
[Round "4.4"]
[White "Nieto De La Cruz, Julio"]
[Black "Morona Minguez, Irene"]
[Result "1-0"]
[WhiteElo "2022"]
[BlackElo "1750"]
[PlyCount "49"]
[EventDate "2008.12.26"]
[EventType "swiss"]
[EventRounds "9"]
[EventCountry "ESP"]
[Source "lmi"]
[SourceDate "2008.12.26"]

1. d4 d5 2. c4 e6 3. Nc3 Nf6 4. Nf3 c6 5. e3 Nbd7 6. Bd3 Bd6 7. e4 dxe4 8. Nxe4
Bc7 9. O-O h6 10. b3 Nxe4 11. Bxe4 Nf6 12. Bc2 O-O 13. Bb2 Re8 14. Re1 b6 15.
Qe2 a5 16. Ne5 Bb7 17. Qf3 Qd6 18. Rad1 Rab8 19. Qh3 b5 20. Bc1 Bd8 21. Rd3 Nh7
22. Qh5 Qe7 23. Rg3 Ng5 24. Bxg5 hxg5 25. Qh7+ 1-0

[Event "Madrid-ch sub-18 2008-2009"]
[Site "Madrid ESP"]
[Date "2008.12.29"]
[Round "4.7"]
[White "Madurga Lopez, Ignacio"]
[Black "Tarin Casado, Francisco"]
[Result "0-1"]
[WhiteElo "1817"]
[BlackElo "1849"]
[PlyCount "110"]
[EventDate "2008.12.26"]
[EventType "swiss"]
[EventRounds "9"]
[EventCountry "ESP"]
[Source "lmi"]
[SourceDate "2008.12.26"]

1. e4 c6 2. Nc3 d5 3. Qf3 dxe4 4. Nxe4 Nd7 5. d4 Ndf6 6. c3 Nxe4 7. Qxe4 Nf6 8.
Qc2 g6 9. Bd3 Bg7 10. Ne2 O-O 11. Bd2 Re8 12. f4 Qd5 13. c4 Qxg2 14. O-O-O Nh5
15. Rdg1 Qf3 16. Be4 Qxe2 17. Rg2 Nxf4 18. Rxe2 Nxe2+ 19. Kb1 Nxd4 20. Qd1 e5
21. Be3 Be6 22. Bxd4 exd4 23. Bd3 Re7 24. h4 h5 25. Ka1 a6 26. Qa4 Rae8 27. Re1
Bg4 28. Rxe7 Rxe7 29. a3 Be2 30. Qb4 Re3 31. Bxe2 Rxe2 32. Qb3 d3 33. Qxd3 Rxb2
34. Qd8+ Kh7 35. Qc7 c5 36. a4 a5 37. Qc8 Rb4+ 38. Ka2 Rxa4+ 39. Kb3 Rb4+ 40.
Ka3 b6 41. Qc7 Rxc4 42. Qxb6 Rc1 43. Qc7 c4 44. Ka4 Ra1+ 45. Kb5 c3 46. Qc4 a4
47. Ka5 a3 48. Ka4 a2 49. Ka3 c2 50. Qxc2 Rb1 51. Kxa2 Rb2+ 52. Qxb2 Bxb2 53.
Kxb2 Kg7 54. Kc3 Kf6 55. Kd3 Kf5 0-1

[Event "Madrid-ch sub-18 2008-2009"]
[Site "Madrid ESP"]
[Date "2008.12.29"]
[Round "4.8"]
[White "Garcia Salamero, Hector"]
[Black "Martin Duque, Jesus"]
[Result "0-1"]
[WhiteElo "1638"]
[BlackElo "1696"]
[PlyCount "96"]
[EventDate "2008.12.26"]
[EventType "swiss"]
[EventRounds "9"]
[EventCountry "ESP"]
[Source "lmi"]
[SourceDate "2008.12.26"]

1. e4 e6 2. d3 d5 3. Nd2 Nf6 4. Ngf3 c5 5. g3 Nc6 6. Bg2 Be7 7. O-O b6 8. Re1
Bb7 9. e5 Nd7 10. Nf1 Qc7 11. Bf4 h6 12. h4 O-O-O 13. Qe2 Rdg8 14. h5 g5 15.
Bd2 g4 16. N3h2 Ndxe5 17. Bc3 d4 18. Bd2 Bd6 19. Bf4 Nf3+ 20. Nxf3 gxf3 21.
Qxf3 Bxf4 22. Qxf4 Qxf4 23. gxf4 Nb4 24. Ng3 Bxg2 25. Kxg2 Nxc2 26. Kf3 Nxa1
27. Rxa1 Kd7 28. Re1 f5 29. Re5 Rg4 30. Ne4 Rh4 31. Kg3 Rh1 32. Nf6+ Ke7 33.
Nd5+ Kf7 34. Nc7 Rxh5 35. Nxe6 Re8 36. Nc7 Rxe5 37. fxe5 Rh1 38. Kf4 Rf1 39.
e6+ Ke7 40. Ke5 Re1+ 41. Kxf5 c4 42. Nd5+ Kd6 43. dxc4 Rxe6 44. Nf4 Re5+ 45.
Kg4 Re4 46. Kf3 Rxf4+ 47. Kxf4 h5 48. Ke4 h4 0-1

[Event "Madrid-ch sub-18 2008-2009"]
[Site "Madrid ESP"]
[Date "2008.12.29"]
[Round "4.9"]
[White "Beneitez Galan, Miguel"]
[Black "Rodriguez Centenera, Sara"]
[Result "0-1"]
[WhiteElo "1710"]
[BlackElo "1663"]
[PlyCount "76"]
[EventDate "2008.12.26"]
[EventType "swiss"]
[EventRounds "9"]
[EventCountry "ESP"]
[Source "lmi"]
[SourceDate "2008.12.26"]

1. d4 Nf6 2. Nf3 g6 3. Bf4 d6 4. c3 Bg7 5. Nbd2 O-O 6. Qc2 Nbd7 7. O-O-O c5 8.
e3 a6 9. dxc5 Nxc5 10. Nc4 Bf5 11. Qe2 Nce4 12. Nd4 Bd7 13. f3 b5 14. fxe4 bxc4
15. Bg3 Ba4 16. Qxc4 Bxd1 17. Kxd1 Qc8 18. Qd5 Qg4+ 19. Be2 Qxe4 20. Qxe4 Nxe4
21. Bf3 Nxg3 22. hxg3 Rab8 23. Kc2 Bxd4 24. exd4 e5 25. dxe5 dxe5 26. Re1 f6
27. Bd5+ Kg7 28. Bc4 a5 29. Re4 Rfd8 30. Bd3 Rb6 31. Ra4 Rbd6 32. Be4 Rd2+ 33.
Kc1 f5 34. Bc6 e4 35. Rxa5 Rxg2 36. Re5 Rdd2 37. Re7+ Kh6 38. Rb7 Rdf2 0-1

[Event "Madrid-ch sub-18 2008-2009"]
[Site "Madrid ESP"]
[Date "2008.12.29"]
[Round "4.11"]
[White "Dominguez Alfara, Miguel"]
[Black "Ananian, Arman"]
[Result "1-0"]
[WhiteElo "1621"]
[BlackElo "1562"]
[PlyCount "103"]
[EventDate "2008.12.26"]
[EventType "swiss"]
[EventRounds "9"]
[EventCountry "ESP"]
[Source "lmi"]
[SourceDate "2008.12.26"]

1. d4 d5 2. Nf3 Nf6 3. e3 Bg4 4. Nbd2 e6 5. c4 Bb4 6. Be2 O-O 7. a3 Bxd2+ 8.
Bxd2 Nc6 9. c5 Bxf3 10. Bxf3 e5 11. dxe5 Nxe5 12. O-O Nxf3+ 13. Qxf3 Ne4 14.
Rad1 Re8 15. b4 c6 16. Bc1 b6 17. cxb6 Qxb6 18. Rd4 Qa6 19. Qg4 Nc3 20. Rd2 Nb5
21. Bb2 f6 22. Bxf6 Qb7 23. Bb2 a5 24. bxa5 Rxa5 25. Qb4 Qa6 26. Ra1 Re4 27.
Qb3 Rea4 28. Rd3 h6 29. h3 Kh7 30. Qc2 Kg8 31. f3 Qb6 32. Qb3 Qc5 33. Kh1 Kh7
34. e4 dxe4 35. Rd7 Nd4 36. Qb7 Qe5 37. Rd1 Rd5 38. f4 Qf6 39. Rxd5 cxd5 40.
Qxd5 Qxf4 41. Bxd4 Rxa3 42. Qe5 Qxe5 43. Bxe5 g5 44. Re1 Ra4 45. Kg1 h5 46. Kf2
Kg6 47. Ke3 Kf5 48. Bd4 Ra3+ 49. Ke2 Rg3 50. Rf1+ Ke6 51. Kf2 h4 52. Be3 1-0

[Event "Madrid-ch sub-18 2008-2009"]
[Site "Madrid ESP"]
[Date "2008.12.29"]
[Round "4.13"]
[White "Fernandez Lopez, Diego"]
[Black "Cermeno Gonzalez, Juan M"]
[Result "1-0"]
[WhiteElo "1530"]
[BlackElo "1701"]
[PlyCount "123"]
[EventDate "2008.12.26"]
[EventType "swiss"]
[EventRounds "9"]
[EventCountry "ESP"]
[Source "lmi"]
[SourceDate "2008.12.26"]

1. e4 e5 2. Nf3 Nc6 3. d4 exd4 4. Nxd4 Nf6 5. Nc3 Bc5 6. Be3 O-O 7. Nxc6 bxc6
8. Bxc5 d6 9. Be3 Rb8 10. Rb1 Ra8 11. Bd3 Bb7 12. O-O d5 13. exd5 cxd5 14. Bg5
d4 15. Bxf6 Qxf6 16. Ne4 Qh4 17. Ng3 g6 18. Be2 f5 19. Bf3 c6 20. Ne2 Rad8 21.
g3 Qf6 22. c3 Ba6 23. cxd4 Bxe2 24. Qxe2 Rxd4 25. Rfe1 f4 26. Bg2 f3 27. Qxf3
Qxf3 28. Bxf3 Rxf3 29. Kg2 Rf7 30. Re2 Kg7 31. Rc1 Rc7 32. Rec2 Rd6 33. b4 a6
34. a4 Kf6 35. b5 axb5 36. axb5 Ke5 37. Rxc6 Rdxc6 38. Rxc6 Rxc6 39. bxc6 Kd6
40. Kf3 Kxc6 41. Kg4 Kd5 42. Kg5 Ke6 43. f4 Kf7 44. Kh6 Kg8 45. h4 Kh8 46. h5
gxh5 47. Kxh5 Kg7 48. Kg5 h6+ 49. Kf5 Kf7 50. g4 Kg7 51. Ke6 Kg6 52. f5+ Kg7
53. Ke7 h5 54. f6+ Kh7 55. gxh5 Kh8 56. f7 Kh7 57. h6 Kxh6 58. f8=Q+ Kg5 59.
Qf7 Kh6 60. Qg8 Kh5 61. Qg3 Kh6 62. Kf6 1-0

[Event "Madrid-ch sub-18 2008-2009"]
[Site "Madrid ESP"]
[Date "2008.12.29"]
[Round "4.14"]
[White "Morera Rodriguez, Ignacio"]
[Black "Jimenez Rodriguez, Alfonso"]
[Result "1/2-1/2"]
[WhiteElo "1646"]
[BlackElo "1908"]
[PlyCount "130"]
[EventDate "2008.12.26"]
[EventType "swiss"]
[EventRounds "9"]
[EventCountry "ESP"]
[Source "lmi"]
[SourceDate "2008.12.26"]

1. d4 Nf6 2. Nf3 d5 3. Bg5 Ne4 4. Bh4 g6 5. Nbd2 Bg7 6. e3 Nxd2 7. Qxd2 O-O 8.
Bd3 c5 9. c3 Nc6 10. O-O Qe8 11. dxc5 e5 12. Bb5 Be6 13. Bg3 f6 14. Qc2 Qe7 15.
b4 Rad8 16. Rfe1 a6 17. Ba4 Bf5 18. Qb3 Be6 19. Qc2 Bf5 20. Qd2 Bg4 21. Bb3 Qd7
22. h3 Bh5 23. Bh2 e4 24. Bd6 exf3 25. Bxd5+ Kh8 26. Bxc6 Qxc6 27. g4 Bxg4 28.
hxg4 Qe4 29. Qd4 Rfe8 30. Red1 f5 31. Qxe4 Rxe4 32. gxf5 gxf5 33. Bf4 Rg8 34.
Kf1 Bxc3 35. Rab1 Re7 36. Rd3 Reg7 37. Bg3 Bf6 38. Rbd1 h5 39. Rd7 h4 40. Rxg7
Rxg7 41. Bf4 h3 42. Rd6 Rg6 43. Bg3 Kh7 44. Rd7+ Rg7 45. Rxg7+ Kxg7 46. Kg1 Bc3
47. Kh2 Bxb4 48. Bd6 Be1 49. Kg3 h2 50. Kxh2 Bxf2 51. Bf4 Be1 52. Kg1 f2+ 53.
Kf1 Kf6 54. Bg3 Ke6 55. Bxf2 Bxf2 56. Kxf2 Kd5 57. Kf3 Ke5 58. a3 a5 59. a4 Kd5
60. Kf4 Ke6 61. e4 fxe4 62. Kxe4 Kd7 63. Kd5 Kc7 64. Kd4 b6 65. Kc4 bxc5
1/2-1/2

[Event "Madrid-ch sub-18 2008-2009"]
[Site "Madrid ESP"]
[Date "2008.12.30"]
[Round "5.1"]
[White "Castejon Caballero, Andres"]
[Black "Arauz Alonso, Fernando"]
[Result "1/2-1/2"]
[WhiteElo "2003"]
[BlackElo "2098"]
[PlyCount "90"]
[EventDate "2008.12.26"]
[EventType "swiss"]
[EventRounds "9"]
[EventCountry "ESP"]
[Source "lmi"]
[SourceDate "2008.12.26"]

1. e4 c6 2. d3 d5 3. Nd2 e5 4. Ngf3 Bd6 5. d4 exd4 6. exd5 cxd5 7. Nxd4 Nc6 8.
Bb5 Nge7 9. O-O O-O 10. N2b3 a6 11. Be2 Qc7 12. h3 Re8 13. Bg5 Bd7 14. Bf3 h6
15. Be3 Ne5 16. Nd2 Rad8 17. Rc1 b5 18. b3 Nxf3+ 19. N2xf3 Nf5 20. Nxf5 Bxf5
21. Nd4 Bh7 22. Qg4 Re4 23. Qf3 Rde8 24. Rfd1 Ba3 25. Rb1 Bc5 26. b4 Bxd4 27.
Bxd4 Qxc2 28. Rbc1 Qe2 29. Qg3 Bg6 30. Qc3 Qxa2 31. Bxg7 Rc4 32. Qf6 Re6 33.
Qa1 Rxc1 34. Rxc1 Qxa1 35. Bxa1 f6 36. Rc8+ Kg7 37. Bd4 Bf7 38. Bc5 h5 39. Kh2
Kg6 40. Kg3 Kf5 41. Rd8 Ke5 42. Kf3 Bg6 43. Ke3 Re8 44. Rxe8+ Bxe8 45. g4 hxg4
1/2-1/2

[Event "Madrid-ch sub-18 2008-2009"]
[Site "Madrid ESP"]
[Date "2008.12.30"]
[Round "5.2"]
[White "Tarin Casado, Francisco"]
[Black "Adan Bermudez, Sergio"]
[Result "0-1"]
[WhiteElo "1849"]
[BlackElo "2227"]
[PlyCount "84"]
[EventDate "2008.12.26"]
[EventType "swiss"]
[EventRounds "9"]
[EventCountry "ESP"]
[Source "lmi"]
[SourceDate "2008.12.26"]

1. g4 d5 2. Bg2 c6 3. h3 e5 4. Nc3 Bd6 5. d4 e4 6. e3 h5 7. gxh5 Qg5 8. Bf1
Rxh5 9. Nge2 Bg4 10. Rg1 Bxe2 11. Nxe2 Qf6 12. Nf4 Rg5 13. Rxg5 Qxg5 14. Qg4
Qxg4 15. hxg4 Nd7 16. c4 dxc4 17. Bxc4 Bxf4 18. exf4 Nb6 19. Bb3 Nh6 20. g5 Nf5
21. Be3 Ke7 22. Ke2 Rh8 23. Rc1 Rd8 24. Rc5 Nd5 25. Bc2 Nd6 26. a3 Kd7 27. Ba4
Kc7 28. b4 b5 29. Bb3 Nf5 30. Bc2 Re8 31. Bb3 Rd8 32. Bc2 Nd6 33. Bb3 Nb7 34.
Rc1 Kb6 35. Rh1 Nd6 36. Rh7 Nf5 37. Bc2 Re8 38. Rh1 Ndxe3 39. Bxe4 Rxe4 40. Kf3
Rxd4 41. fxe3 Rd3 42. Rh7 Rxe3+ 0-1

[Event "Madrid-ch sub-18 2008-2009"]
[Site "Madrid ESP"]
[Date "2008.12.30"]
[Round "5.3"]
[White "Gago Padreny, Ignacio"]
[Black "Suarez Uriel, Adrian"]
[Result "1-0"]
[WhiteElo "2216"]
[BlackElo "2123"]
[PlyCount "43"]
[EventDate "2008.12.26"]
[EventType "swiss"]
[EventRounds "9"]
[EventCountry "ESP"]
[Source "lmi"]
[SourceDate "2008.12.26"]

1. d4 d5 2. Nf3 e6 3. c4 c6 4. Nc3 dxc4 5. a4 Bb4 6. e3 b5 7. Bd2 a5 8. axb5
Bxc3 9. Bxc3 cxb5 10. b3 Bb7 11. bxc4 b4 12. Bb2 Nf6 13. Bd3 O-O 14. O-O Nbd7
15. Re1 Qc7 16. e4 Nb6 17. e5 Nfd7 18. Bxh7+ Kh8 19. Ng5 g6 20. Qg4 Qxc4 21.
Bxg6 Kg7 22. Bd3 1-0

[Event "Madrid-ch sub-18 2008-2009"]
[Site "Madrid ESP"]
[Date "2008.12.30"]
[Round "5.4"]
[White "Martin Duque, Jesus"]
[Black "Nieto De La Cruz, Julio"]
[Result "1-0"]
[WhiteElo "1696"]
[BlackElo "2022"]
[PlyCount "134"]
[EventDate "2008.12.26"]
[EventType "swiss"]
[EventRounds "9"]
[EventCountry "ESP"]
[Source "lmi"]
[SourceDate "2008.12.26"]

1. e4 c5 2. Nf3 d6 3. d4 Nf6 4. Nc3 cxd4 5. Nxd4 g6 6. Be3 Bg7 7. f3 O-O 8. Qd2
Nc6 9. O-O-O Bd7 10. g4 Ne5 11. h4 Rc8 12. Kb1 Qa5 13. Nb3 Qd8 14. Be2 b5 15.
g5 Nh5 16. Nd5 Nc4 17. Bxc4 bxc4 18. Nd4 e6 19. Nc3 Rb8 20. Ka1 Qa5 21. Nde2
Qb4 22. Rb1 Ba4 23. Nxa4 Qxa4 24. Bd4 Bxd4 25. Nxd4 Rb6 26. a3 Rc8 27. Ne2 c3
28. Nxc3 Qa5 29. Ka2 Rbc6 30. Rhd1 Qe5 31. Qd4 Qg3 32. Qxa7 Qxh4 33. Qe7 Qh2
34. Rbc1 Qe5 35. Rd2 Qc5 36. Rcd1 Qc4+ 37. Ka1 Ra6 38. Qb7 Qc6 39. Qxc6 Rcxc6
40. Nb5 Ra5 41. Nxd6 Rxg5 42. b4 Nf4 43. b5 Rxd6 44. Rxd6 Rxb5 45. a4 Ra5 46.
R6d4 h5 47. Kb2 h4 48. Kb3 h3 49. Kb4 Ra7 50. R4d2 g5 51. a5 f5 52. exf5 Nd5+
53. Rxd5 exd5 54. Kb5 Kf7 55. Kb6 Ra8 56. a6 Kf6 57. Kb7 Rh8 58. a7 Kxf5 59.
Rh1 Rh7+ 60. Kb6 Rh6+ 61. Kb5 Rh8 62. Rxh3 Rxh3 63. a8=Q Rxf3 64. Qxd5+ Kg4 65.
Qe6+ Kg3 66. c4 g4 67. c5 Kg2 1-0

[Event "Madrid-ch sub-18 2008-2009"]
[Site "Madrid ESP"]
[Date "2008.12.30"]
[Round "5.5"]
[White "Sotnikov, Taras"]
[Black "Fernandez Lledo, Javier"]
[Result "1/2-1/2"]
[WhiteElo "1920"]
[BlackElo "1911"]
[PlyCount "31"]
[EventDate "2008.12.26"]
[EventType "swiss"]
[EventRounds "9"]
[EventCountry "ESP"]
[Source "lmi"]
[SourceDate "2008.12.26"]

1. e4 c5 2. Nf3 Nc6 3. c3 Nf6 4. e5 Nd5 5. d4 cxd4 6. cxd4 e6 7. Nc3 d6 8. exd6
Bxd6 9. a3 h6 10. Bd3 Nf4 11. Bxf4 Bxf4 12. O-O O-O 13. d5 Ne5 14. Be4 Qf6 15.
dxe6 Bxe6 16. Nd5 1/2-1/2

[Event "Madrid-ch sub-18 2008-2009"]
[Site "Madrid ESP"]
[Date "2008.12.30"]
[Round "5.7"]
[White "Morona Minguez, Irene"]
[Black "Dominguez Alfara, Miguel"]
[Result "1-0"]
[WhiteElo "1750"]
[BlackElo "1621"]
[PlyCount "137"]
[EventDate "2008.12.26"]
[EventType "swiss"]
[EventRounds "9"]
[EventCountry "ESP"]
[Source "lmi"]
[SourceDate "2008.12.26"]

1. e4 e5 2. Nf3 Nf6 3. d4 Nxe4 4. Bd3 d5 5. Nxe5 Nd7 6. Nxd7 Bxd7 7. O-O Bd6 8.
Nc3 Nxc3 9. bxc3 O-O 10. Rb1 Rb8 11. Qh5 f5 12. Re1 g6 13. Qf3 c6 14. Bh6 Re8
15. Rxe8+ Bxe8 16. c4 Qh4 17. Qh3 Qxh3 18. gxh3 Bf7 19. c5 Bf8 20. Bf4 Ra8 21.
Rxb7 Bg7 22. c3 Bf6 23. Ba6 Bd8 24. Rxf7 Kxf7 25. Bb7 Bc7 26. Bxc7 Rf8 27. Bxc6
Ke6 28. Ba4 g5 29. Bb3 f4 30. Kg2 h5 31. c4 dxc4 32. Bxc4+ Kf5 33. d5 Ke4 34.
f3+ Kd4 35. Bb3 Kxc5 36. d6 Kc6 37. Ba4+ Kb7 38. Ba5 Ka6 39. Bb4 Rb8 40. a3 Kb6
41. d7 a5 42. Be7 Kc7 43. d8=Q+ Rxd8 44. Bxd8+ Kxd8 45. Bc2 Ke7 46. Bg6 h4 47.
Kf2 Kd6 48. a4 Kd5 49. Ke2 Kc4 50. Kd2 Kb4 51. Be8 Kc4 52. Bb5+ Kd4 53. Bd3 Kc5
54. Kc3 Kd5 55. Be4+ Kc5 56. Ba8 Kd6 57. Kc4 Ke5 58. Bb7 Kd6 59. Kb5 Ke5 60.
Kxa5 Kd4 61. Kb6 Ke3 62. a5 Kf2 63. a6 Kg2 64. a7 Kxh3 65. a8=Q Kxh2 66. Qg8 h3
67. Qxg5 Kh1 68. Qxf4 h2 69. Qxh2+ 1-0

[Event "Madrid-ch sub-18 2008-2009"]
[Site "Madrid ESP"]
[Date "2008.12.30"]
[Round "5.10"]
[White "De La Esperanza Martin, Alberto"]
[Black "Garcia Salamero, Hector"]
[Result "1-0"]
[WhiteElo "1636"]
[BlackElo "1638"]
[PlyCount "125"]
[EventDate "2008.12.26"]
[EventType "swiss"]
[EventRounds "9"]
[EventCountry "ESP"]
[Source "lmi"]
[SourceDate "2008.12.26"]

1. e4 e5 2. Nf3 Nf6 3. Nc3 Nc6 4. d4 Bb4 5. Bg5 exd4 6. Nxd4 Nxd4 7. Qxd4 c5 8.
Qe5+ Qe7 9. Qxe7+ Kxe7 10. e5 Re8 11. exf6+ gxf6 12. Bd2 Bxc3 13. Bxc3 d5 14.
O-O-O d4 15. Bd2 Be6 16. Bd3 h5 17. Be4 a5 18. Bxb7 Ra7 19. Bf3 Bxa2 20. b3 Rb8
21. Kb2 a4 22. Bd5 axb3 23. cxb3 Bxb3 24. Bxb3 c4 25. Rhe1+ Kf8 26. Bh6+ Kg8
27. Rxd4 Rxb3+ 28. Kc2 Ra2+ 29. Kd1 c3 30. Bc1 Rb1 31. Re3 Rxf2 32. Rd8+ Kh7
33. Rxc3 Rxg2 34. Rc2 Rxc2 35. Kxc2 Rb6 36. Rd2 Kg6 37. Rd8 Kg7 38. Kd3 Re6 39.
Be3 Re5 40. Ke2 Rf5 41. Bf2 Rg5 42. Rd3 Re5+ 43. Kf3 Rf5+ 44. Kg2 Rg5+ 45. Kh3
Rg4 46. Rg3 Rxg3+ 47. Kxg3 Kh7 48. Kf4 Kg6 49. Bg3 Kh6 50. Kf5 Kg7 51. Bh4 Kh6
52. Kxf6 Kh7 53. Kxf7 Kh6 54. Kf6 Kh7 55. Kg5 Kg7 56. Kxh5 Kh7 57. Be1 Kg7 58.
h4 Kh7 59. Kg5 Kg7 60. h5 Kh7 61. Bc3 Kg8 62. Kg6 Kf8 63. h6 1-0

[Event "Madrid-ch sub-18 2008-2009"]
[Site "Madrid ESP"]
[Date "2008.12.30"]
[Round "5.12"]
[White "Martinez Vazquez, Juan Jose"]
[Black "Fernandez Lopez, Diego"]
[Result "0-1"]
[WhiteElo "1521"]
[BlackElo "1530"]
[PlyCount "82"]
[EventDate "2008.12.26"]
[EventType "swiss"]
[EventRounds "9"]
[EventCountry "ESP"]
[Source "lmi"]
[SourceDate "2008.12.26"]

1. e4 e5 2. Nf3 Nc6 3. Nc3 Nf6 4. d4 exd4 5. Nxd4 Bc5 6. Nf3 d6 7. Bd3 O-O 8.
O-O h6 9. Bf4 Bg4 10. h3 Bh5 11. Nd5 Nxd5 12. exd5 Nd4 13. Be4 Qf6 14. Be3
Nxf3+ 15. Bxf3 Bxf3 16. Qxf3 Qxb2 17. Bxc5 dxc5 18. Qb3 Qxb3 19. axb3 Rfd8 20.
c4 b6 21. Rfd1 a5 22. Kf1 Rac8 23. Ke2 Kf8 24. Kd3 c6 25. Ke4 cxd5+ 26. Rxd5
Rxd5 27. Kxd5 Ke7 28. g4 Kd7 29. f4 Rc6 30. f5 Rd6+ 31. Ke4 Rd4+ 32. Ke3 f6 33.
Ke2 Kd6 34. Rd1 Rxd1 35. Kxd1 Ke5 36. Kd2 Kd4 37. Kc2 a4 38. Kb2 axb3 39. Kxb3
Kd3 40. h4 Kd4 41. h5 Kd3 0-1

[Event "Madrid-ch sub-18 2008-2009"]
[Site "Madrid ESP"]
[Date "2008.12.30"]
[Round "5.13"]
[White "Cermeno Gonzalez, Juan M"]
[Black "Morera Rodriguez, Ignacio"]
[Result "0-1"]
[WhiteElo "1701"]
[BlackElo "1646"]
[PlyCount "62"]
[EventDate "2008.12.26"]
[EventType "swiss"]
[EventRounds "9"]
[EventCountry "ESP"]
[Source "lmi"]
[SourceDate "2008.12.26"]

1. e4 c5 2. Nf3 d6 3. d4 cxd4 4. Nxd4 a6 5. Nc3 Nf6 6. f3 e6 7. Be3 Be7 8. Bd3
O-O 9. Qe2 Nbd7 10. O-O-O Qc7 11. g4 b5 12. Kb1 Nc5 13. h4 b4 14. Qe1 Nxd3 15.
Rxd3 bxc3 16. Rxc3 Qd7 17. h5 Bb7 18. g5 Nxe4 19. fxe4 Bxe4 20. Rg1 e5 21. Ne2
d5 22. Bd2 d4 23. Rc4 Rfc8 24. b3 Rxc4 25. bxc4 Rb8+ 26. Kc1 Ba3+ 27. Kd1 Qa4
28. Nc1 Bf3+ 29. Ne2 Rb1+ 30. Bc1 Rxc1+ 31. Kd2 Qxc2# 0-1

[Event "Madrid-ch sub-18 2008-2009"]
[Site "Madrid ESP"]
[Date "2009.01.02"]
[Round "6.1"]
[White "Adan Bermudez, Sergio"]
[Black "Arauz Alonso, Fernando"]
[Result "1/2-1/2"]
[WhiteElo "2227"]
[BlackElo "2098"]
[PlyCount "120"]
[EventDate "2008.12.26"]
[EventType "swiss"]
[EventRounds "9"]
[EventCountry "ESP"]
[Source "lmi"]
[SourceDate "2008.12.26"]

1. c4 Nf6 2. g3 e6 3. Nf3 d5 4. b3 c5 5. Bg2 Nc6 6. O-O Be7 7. cxd5 exd5 8. d4
O-O 9. Bb2 Ne4 10. Nc3 Bf6 11. Qc2 Nxc3 12. Bxc3 cxd4 13. Bb2 Qb6 14. Rad1 Re8
15. Rfe1 h6 16. Qd2 Re4 17. Nh4 Bg5 18. f4 Bxh4 19. Bxe4 dxe4 20. gxh4 d3+ 21.
e3 Nb4 22. Qg2 Qg6 23. Qxg6 fxg6 24. Rd2 Bf5 25. Rc1 Rc8 26. Rxc8+ Bxc8 27. a3
Nc2 28. Kf2 Be6 29. b4 b5 30. Bc1 Bg4 31. h3 Bxh3 32. Rd1 Kf7 33. Bd2 a6 34.
Bc3 h5 35. Rb1 Be6 36. Rg1 Bg4 37. Rc1 Bf5 38. Bd2 Be6 39. Bc3 Bf5 40. Rb1 Be6
41. Bb2 Bg4 42. Bc1 Be6 43. Bb2 Bg4 44. Bc3 Be6 45. Bb2 Ba2 46. Rg1 Be6 47. Bc3
Bg4 48. Rb1 Bc8 49. Bb2 Bg4 50. Bc1 Be6 51. Bb2 Bc8 52. Rg1 Bg4 53. Bc3 Bf5 54.
Rb1 Be6 55. Bb2 Ba2 56. Rg1 Be6 57. Bc3 Bd7 58. Rb1 Bc8 59. Bb2 Bg4 60. Bc1 Be6
1/2-1/2

[Event "Madrid-ch sub-18 2008-2009"]
[Site "Madrid ESP"]
[Date "2009.01.02"]
[Round "6.2"]
[White "Castejon Caballero, Andres"]
[Black "Gago Padreny, Ignacio"]
[Result "1/2-1/2"]
[WhiteElo "2003"]
[BlackElo "2216"]
[PlyCount "71"]
[EventDate "2008.12.26"]
[EventType "swiss"]
[EventRounds "9"]
[EventCountry "ESP"]
[Source "lmi"]
[SourceDate "2008.12.26"]

1. e4 c5 2. Nf3 d6 3. d4 cxd4 4. Nxd4 Nf6 5. Nc3 a6 6. Be3 e5 7. Nde2 Be6 8. f4
g6 9. h3 h5 10. g3 Nbd7 11. Bg2 b5 12. b3 h4 13. Rf1 b4 14. Na4 Qa5 15. g4 Rc8
16. g5 exf4 17. Nxf4 Qxg5 18. Qd2 Qa5 19. O-O-O Bc4 20. Rf2 Bb5 21. Nd5 Bxa4
22. bxa4 Qxa4 23. Kb1 Rh5 24. Bf3 Bg7 25. Bd4 Nxd5 26. exd5 Bxd4 27. Qxd4 Re5
28. Qxh4 Rc3 29. Qh8+ Ke7 30. Qh4+ g5 31. Qh7 Kd8 32. Bg4 Re7 33. Qg8+ Kc7 34.
Qxg5 f6 35. Bxd7 Rxd7 36. Qxf6 1/2-1/2